banner-ar

مصادر المعلومات عن الاستشراق والمستشرقين : استقراء للموقف / (Record no. 46408)

MARC details
000 -الفاتح
حقل البيانات ثابتة الطول 00654nam a2200181Ia 4500
008 - عناصر البيانات ثابتة الطول - معلومات عامة
حقل البيانات ثابتة الطول 140319s9999 xx 000 0 ara d
040 ## - مصدر الفهرسة
وكالة الفهرسة الأصلية GCL /
وكالة النسخ GCL
082 04 - رقم تصنيف ديوى العشرى
رقم التصنيف 301.295
رقم المادة ع م
100 1# - المدخل الرئيسى - إسم شخصى
الإسم الشخصى على بن ابراهيم النملة
245 10 - بيان العنوان
العنوان مصادر المعلومات عن الاستشراق والمستشرقين : استقراء للموقف /
بيان المسئوليه,etc على بن ابراهيم النملة
300 ## - الوصف المادى
التعداد 55 ص
490 ## - بيان السلسلة
عنوان السلسلة مطبوعات مكتبة الملك فهد الوطنية
رقم المجلد/ التعيين التسلسلي 0
650 04 - المدخل الاضافى بالموضوع-مصطلح موضوعى
مصطلح موضوعي الاستشراق والمستشرقون
650 04 - المدخل الاضافى بالموضوع-مصطلح موضوعى
مصطلح موضوعي الاستشراق
650 04 - المدخل الاضافى بالموضوع-مصطلح موضوعى
مصطلح موضوعي التوثيق
942 ## - عناصر المدخل الإضافي( كوها)
مصدر التصنيف او مخطط الترفيف Dewey Decimal Classification
Koha [default] item type كتاب
Holdings
حالة التراجع حالة الفقد حالة تلف ليس للاعارة المكان المؤقت الموقع الحالى تاريخ الاكتساب اجمالي اﻻعارات رقم الطلب الباركود تاريخ اخر مشاهدة تاريخ تفعيل السعر نوع وعاء كوها
        مكتبة القاهرة الكبرى مكتبة القاهرة الكبرى 03/26/2014   301.295\ع م 112997 03/26/2014 03/26/2014 كتاب
        مكتبة القاهرة الكبرى مكتبة القاهرة الكبرى 03/26/2014   301.295\ع م 112998 03/26/2014 03/26/2014 كتاب
        مكتبة القاهرة الكبرى مكتبة القاهرة الكبرى 03/26/2014   301.295\ع م 112999 03/26/2014 03/26/2014 كتاب

Powered By

EGPV